[Event "Narvik Rallarsjakken B"]
[Site "Narvik"]
[Date "2012.04.20"]
[Round "5"]
[White "Bredeli, Kent Ove I"]
[Black "Saupstad, Halle"]
[Result "1/2-1/2"]
[WhiteElo "678"]
[BlackElo "808"]
[PlyCount "51"]
[EventDate "2012.04.20"]
[EventType "swiss"]
[EventRounds "5"]
[EventCountry "NOR"]
[SourceTitle "EXT 2024"]
[Source "ChessBase"]
[SourceDate "2023.10.10"]
[SourceVersion "1"]
[SourceVersionDate "2023.10.10"]
[SourceQuality "1"]

1. d4 d5 2. Nf3 Bf5 3. Bf4 Nf6 4. e3 e6 5. Bd3 Nc6 6. Bxf5 exf5 7. c3 Qd7 8. Nbd2 Ne4 9. Nxe4 fxe4 10. Ne5 Nxe5 11. Bxe5 0-0-0 12. h3 f6 13. Bg3 g6 14. Qb3 Qe6 15. Rc1 c6 16. c4 dxc4 17. Qxc4 Qxc4 18. Rxc4 a5 19. 0-0 Rd5 20. Rfc1 Kd7 21. a3 Rb5 22. R1c2 Be7 23. f3 f5 24. fxe4 fxe4 25. a4 Rb3 26. R4c3 1/2-1/2

[Event "Narvik Rallarsjakken B"]
[Site "Narvik"]
[Date "2012.04.20"]
[Round "3"]
[White "Larssen, Roald"]
[Black "Saupstad, Halle"]
[Result "1-0"]
[WhiteElo "1176"]
[BlackElo "808"]
[PlyCount "67"]
[EventDate "2012.04.20"]
[EventType "swiss"]
[EventRounds "5"]
[EventCountry "NOR"]
[SourceTitle "EXT 2024"]
[Source "ChessBase"]
[SourceDate "2023.10.10"]
[SourceVersion "1"]
[SourceVersionDate "2023.10.10"]
[SourceQuality "1"]

1. e4 e5 2. Nf3 Nc6 3. Nc3 Bc5 4. d3 d6 5. Be2 Be6 6. 0-0 Nf6 7. Bg5 Qe7 8. Na4 d5 9. Bxf6 gxf6 10. Nxc5 Qxc5 11. exd5 Qxd5 12. Nd2 Qd7 13. Ne4 Qe7 14. f4 f5 15. Ng3 exf4 16. Rxf4 Qg5 17. Qf1 Ne7 18. d4 0-0-0 19. c3 c6 20. Bd3 Nd5 21. Rf3 Ne3 22. Qf2 f4 23. Rxf4 Ng4 24. Qf3 Kb8 25. Bf5 Rhg8 26. Rxg4 Qd2 27. Qf4+ Qxf4 28. Rxf4 Bd5 29. Bxh7 Rg7 30. Bc2 Re8 31. Bb3 Bxb3 32. axb3 Kc7 33. Rxa7 f6 34. Rxf6 1-0